Statistiques concernant jeux videos avec des objets ou activités oupersonnages...

Cliquez ici pour prendre le quiz!

Statistiques générales

  • Ce quiz a été pris 110 fois
  • Le résultat moyen est 9 sur 15

Statistiques - réponses

QuestionRéponse% Correct
voiture, Trevor, vol, Franklin, Michel, Los Santosgrand theft auto V
97%
cubes, pioche, diament, SteveMinecraft
93%
aventure, secret, Lara CroftTomb Raider
92%
planete, extraterrestre, oceans, crashSubnautica
91%
chasse, Vaas, sniper, infiltration, piratesfar cry 3
83%
grappin, Rico Rodriguez, îlejust cause
82%
zombie, multijoueurs, campagne, soldats, guerre, Nuketown 2025Call Of Duty BO2
74%
demon, Slayer, BFG, hardcoreDoom Eternal
69%
Price, Goulag ,Guerre froide, armes, SoapCall of Duty MW2
61%
gestion, ville, tweetCity Skyline
52%
infiltration, Nomad, Walker, wolves, Sentinel, dronesGhost recon Breakpoint
51%
mangas, corruptionJump force
38%
robots, Japonbinary domain
28%
voitures, courses, rues, circuit , SummitsThe Crew 2
22%
bombe nucleaire, chasse, avants postesFar cry New Dawn
13%

Distribution des résultats

Percentile par nombre de réponses

% des personnes avec chaque résultat

Votre développement - résultats

Vous n’avez pas pris ce quiz